Statistics for RuPaul's Drag Race Queens Birth Places World Map

Click here to take the quiz!

General Stats

  • This quiz has been taken 887 times
    (329 since last reset)
  • The average score is 44 of 87

Answers on the Map

Answers color-coded by a green-red scale on the quiz's map according to % correct below.
 

Answer Stats

CountryQueen% Correct
CanadaBrooke Lynn Hytes | Icesis Couture | Jimbo | Crystal | Miss Fiercalicious | Miss Moço | Ilona Verley | Jackie Cox | Lemon | Kaos | Beth | Gia Metric | Kendall Gender | Scarlett BoBo | Synthia Kiss | Vivian Vanderpuss | Irma Gerd | Juice Boxx | Eve 6000 | Kimora Amour | Priyanka | BOA | Rita Baga | Gisèle Lullaby | Lady Boom Boom | Suki Doll | Kiara | Chelazon Leroux | Cookie Kunty | Aurora Matrix | Denim | Kitten Kaboodle | Melinda Verga | Nearah Nuff | Sisi Superstar | Venus
92%
CaliforniaAdore Delano | Raja | Valentina | Sasha Velour | Latrice Royale | DeJa Skye | Shannel | Crystal Methyd | Genie | Jasmine Masters | Salina EsTitties | Shuga Cain | Derrick Barry | Delta Work | Naomi Smalls | Mayhem Miller | Venus D-Lite | Chad Michaels | Honey Mahogany | Princess Poppy | Rock M. Sakura | Miss Fame | Raven
90%
EnglandBaga Chipz | Cheryl Hole | Divina De Campo | Gothy Kendoll | Scaredy Kat | Sum Ting Wong | Vinegar Strokes | A'Whora | Asttina Mandella | Bimini Bon-Boulash | Cherry Valentine | Ginny Lemon | Joe Black | Sister Sister | Tia Kofi | Veronica Green | Anubis | Charity Kase | Elektra Fence | Ella Vaday | Kitty Scott-Claus | Krystal Versace | Vanity Milan | River Medway | Scarlett Harlett | Victoria Scone | Baby | Cheddar Gorgeous | Copper Topp | Dakota Schiffer | Danny Beard | Just May | Le Fil | Pixie Polite | Sminty Drop | Lady Camden | Anita Wigl'it | Elektra Shock | Banksie | Michael Marouli | DeDeLicious | Ginger Johnson | Kate Butch | Miss Naomi Carter | Tomara Thomas | Vicki Vivacious
88%
FranceSoa de Muse | Kam Hugh | Elips | Nicky Doll | Paloma | La Big Bertha | La Briochée | La Grande Dame | Lova Ladiva | Ginger Bitch | Kitty Space | Piche | Punani | Rose | Sara Forever | Vespi | Brittany Von Bottoks
86%
TexasTammie Brown | A'keria C. Davenport | Kennedy Davenport | Kerri Colby | Laganja Estranja | Ra'Jah O'Hara | Sahara Davenport | Elliott with 2 Ts | Asia O'Hara | Farrah Moan | Alyssa Edwards | Shangela | Jorgeous | Phi Phi O'Hara | Mistress Isabelle Brooks | Irene Dubois
86%
ScotlandMorgan McMichaels | Ellie Diamond | Lawrence Chaney | Rosé
85%
New YorkTina Burner | Acid Betty | Aja | Alexis Michelle | Gioffré | Jasmine Kennedie | Kandy Muse | Lineysha Sparx | Monique / Mo Heart | Monét X Change | Thorgy Thor | Darienne Lake | Mrs. Kasha Davis | Pandora Boxx | Sherry Pie | Milk | Marcia Marcia Marcia | Sugar | Spice | Hollywould Star
84%
SpainJuriji Der Klee | Sharonne | Choriza May | Estrella Xtravaganza | Jota Carajota | Samantha Ballentines | The Macarena | Carmen Farala | Drag Vulcano | Drag Sethlas | Dovima Nurmi | Marina | Sagittaria | Hugáceo Crujiente | Arantxa Castilla La Mancha | Ariel Rec | Killer Queen | Marisa Prisa | Onyx | Pupi Poisson | Venedita Von Däsh | Bestiah | Chanel Anorex | Clover Bish | Drag Chuchi | Hornella Góngora | Kelly Roller | Pakita | Pink Chadora | Pitita | Vania Vainilla
83%
FloridaLashauwn Beyond | Jade Jolie | Tyra Sanchez | June Jambalaya | Trinity K. Bonet | Coco Montrese | Roxxxy Andrews | Detox | Ginger Minj | Malaysia Babydoll Foxx | Pearl | Alisa Summers
81%
CameroonBeBe Zahara Benet
80%
GeorgiaKylie Sonique Love | Angeria Paris VanMicheals | LaLa Ri | Phoenix | Violet Chachki | Bob The Drag Queen | Mariah Paris Balenciaga | Nicole Paige Brooks | Dax Exclamation Point | Vivienne Pinay | Cara Melle
80%
Puerto RicoRebecca Glasscock | Yara Sofia | Nina Flowers | Jessica Wild | Alyssa Hunter | Alexis Mateo | Cynthia Lee Fontaine | Kandy Ho | Vanessa Vanjie Mateo | April Carrión | Kenya Michaels | Madame LaQueer
80%
AustraliaCourtney Act | Etcetera Etcetera | Beverly Kills | Maxi Shield | Coco Jumbo | Jojo Zaho | Molly Poppinz | Hannah Conda | Minnie Cooper | Pomara Fifth | Scarlet Adams | Art Simone | Gigi Era | Karen From Finance | Gigi Era | Gabriella Labucci | Isis Avis Loren | Ivory Glaze | Ashley Madison
79%
IllinoisGia Gunn | Jade | Kahmora Hall | Kim Chi | Mystique Summers Madison | Naysha Lopez | The Vixen | Gigi Goode
78%
ConnecticutBen De La Creme | Amethyst | Loosey LaDuca | Robin Fierce | Jax
77%
PennsylvaniaAlaska | Peppermint | Honey Davenport | Willam | Aquaria
76%
PhilippinesJiggly Caliente | Ongina | Stephanie Prince | Aura Mayari | Mocha Diva | Precious Paula Nicole | JAJA | Turing | Prince | Viñas DeLuxe | Xilhouete | Lady Morgana | Corazon | Kyne | Marina Summers | Brigiding | Eva Le Queen | Minty Fresh | Kimmy Couture | Arizona Brandy | Astrid Mercury | Bernie | Captivating Katkat | DeeDee Marié Holliday | Hana Beshie | M1ss Jade So | Matilduh | Nicole Pardaux | ØV Cünt | Tiny Deluxe | Kiki Coe
76%
North IrelandBlu Hydrangea | Jonbers Blonde
75%
WisconsinJoey Jay | Jaida Essence Hall | Jaymes Mansfield | Trixie Mattel
75%
MassachusettsJujubee | Katya | Mimi Imfurst | Laila McQueen | Joslyn Fox | Charlie Hides
75%
WalesThe Vivienne | Tayce
74%
OregonJinkx Monsoon
66%
HawaiiSasha Colby
66%
New ZealandSpankie Jackzon | Faúx Fúr | Aubrey Haive | Yuri Guaii | Kita Mean | Kween Kong | Bumpa Love | Ivanna Drink | Rita Menu
66%
BelgiumVanessa Van Cartier | Sederginne | Amanda Tears | Athena Sorgelikis | Drag Couenne | Edna Sorgelsen | Mademoiselle Boop | Peach | Susan | Valenciaga
66%
ThailandPangina Heals | Miss Gimhuay | Petchra | Silver Sonic | Angele Anang | B Ella | Bunny Be Fly | Srimala | Kandy Zyanide | Amadiva | Année Maywong | Bandit | Katy Killer | M Stranger Fox | Meannie Minaj | Morrigan | Natalia Pliacam | Dearis Doll | Kana Warrior | Maya B'Haro | Tormai
63%
SwedenAdmira Thunderpussy | Almighty Aphroditey | Antonina Nutshell | Elecktra | Endigo | Imaa Queen | Santana Sexmachine | Vanity Vain
61%
LouisianaBianca Del Rio | Chi Chi DeVayne
61%
AlaskaDenali
61%
ItalyElecktra Bionic | Farida Kant | Skandalove | Divinity | Luquisha Lubamba | Ava Hangar | Nehellenia | Obama | Panthera Virus | Narciso | Enorma Jean | Le Riche | Aura Eternal | La Diamond | La Petite Noire | Tanissa Yoncè | Ivana Vamp | Amy Krania | La Prada | La Sheeva | Leila Yarn | Lightning Aurora | Lina Galore | Morgana Cosmica | Silvana della Magliana | Sissy Lea | Sypario
61%
AustriaMetamorkid | Pandora Nox
61%
ArkansasSymone | Maddy Morphosis
61%
NetherlandsJaney Jacké | Roem | Ma'Ma Queen | Patty Pam-Pam | Megan Schoonbrood | ChelseaBoy | Juicy Kutoure | Ivy-Elyse | Keta Minaj | Reggy B | Madame Madness | Tabitha | The Countess | My Little Puny | Vivaldi
60%
MexicoLolita Banana | Visa | Argennis | Cristian Peralta | Gala Varo | Lady Kero | Margaret Y Ya | Matraka | Miss Vallarta | Pixie Pixie | Regina Voce | Serena Morena | Vermelha Noir
60%
BrazilMiss Abby OMG | Fontana | Aquarela | Betina Polaroid | Dallas de Vil | Diva More | Hellena Malditta | Melusine Sparkle | Miranda Lebrão | Naza | Organzza | Rubi Ocean | Shannon Skarllet | Tristan Soledade | Kelly Heelton | Victoria Shakespears | Melissa Bianchini
60%
New JerseyOlivia Lux | Ariel Versace | Carmen Carrera | Jan | Luxx Noir London
60%
VietnamPlastique Tiara
58%
PeruEnvy Peru
56%
ColoradoKahanna Montrese | Willow Pill | Yvie Oddly
56%
ChinaYuhua Hamasaki | Veruschka Levels
55%
PolandAlexis Saint-Pete
51%
IndianaBlair St. Clair | Shea Couleé
49%
South KoreaSoju
49%
North CarolinaStacy Layne Matthews | Tempest DuJour | Heidi N Closet
48%
SwitzerlandMoon | Tessa Testicle
47%
Ivory CoastKeiona | Mami Watta
46%
MinnesotaManila Luzon | Utica
45%
AlabamaTamisha Iman | Trinity The Tuck / Taylor
45%
BoliviaInti | Barbie Q
44%
OhioPenny Tration | Akashia | Nina West | Kameron Michaels
44%
GermanyLéLé Cocoon | Loreley Rivers | Nikita Vegaz | The Only Naomy | Yvonne Nightstand | The Girlfriend Experience
43%
GreecePythia
43%
PanamaSerena ChaCha
43%
IndiaBombae
42%
IowaSharon Needles | Sasha Belle
42%
South AfricaStarlet
42%
MissouriWidow Von'Du | Daya Betty
42%
KenyaMercedes Iman Diamond
40%
MichiganOrion Story | Ivy Winters | Aiden Zhane | Dida Ritz | Dahlia Sin
40%
TennesseeEureka | Jaidynn Diore Fierce
39%
EgyptHalal Bae
39%
ArizonaBrita | Gottmik
36%
South CarolinaKornbread "The Snack" Jeté | Nina Bo'nina Brown | Milan | Victoria Porkchop Parker
36%
WashingtonMagnolia Crawford | Miz Cracker | Robbie Turner
35%
JamaicaVivacious | Tynomi Banks
35%
MontanaBosco
34%
New MexicoKalorie Karbdashian-Williams
33%
GuatemalaFlor
31%
ColombiaAdriana | Mocca Bone | Amyl
30%
VirginiaTatianna | India Ferrah
30%
BahamasAnastarzia Anaquway
29%
TunisiaLa Kahena
29%
HaitiLove Masisi | Océane Aqua-Black
28%
Sint MaartenBlack Peppa
26%
Dominican RepublicDiamante Merybrown | Aimee Yonce Shennel
26%
BarbadosJada Shada Hudson
26%
KentuckyDusty Ray Bottoms | Scarlet Envy | Monica Beverly Hillz
24%
AlbaniaVezirja
23%
NigeriaLuna DuBois
22%
VenezuelaMaria Edilia
19%
SingaporeVanda Miss Joaquim
19%
New HampshireMax
17%
MississippiSilky Nutmeg Ganache
15%
CubaAdriana Picasso
14%
OklahomaKelly Mantle
14%
KansasKimora Blac
13%
NebraskaThe Princess
13%

Score Distribution

Percentile by Number Answered

Percent of People with Each Score

Your Score History

You have not taken this quiz since the last reset